00882nam a2200169 a 450000100060000000300090000600800410001502000150005604000280007108200160009910000180011524500740013326000350020730000110024250504090025365000500066219752CO-ViMGA141112s2004 ck r 000 u spa d a9587040341 aCO-ViMGAbspacCO-ViMGA04a808.8 H376p1 aPardo, Gloria10aEl Heroe, la dama y el clerigo : bantología de literatura medieval aBogotá : bAlfaguara, c2002 a151 p. aPoesia Epica : Poema de Mio Cid, El cantar de los nibelungos Mester de Clerecia : Gonzalo de Berceo, Arcipreste de Hita Poesia Trovadoresca : Giraut de Bornelh, Bernart de Ventadorn, Chretien de Troyes, Ricardo Corazón de León, Heinrich von Veldehke, Hartmann von Aue, Hildegard von Bingen, Marguerite Porete Novela Caballeresco cortesana : Amadis de Gaula, Gottgried von Strassburg, maria de Francia14aLITERATURA MEDIEVAL - COLECCIONES DE ESCRITOS